000 00520nam a2200193 a 4500
001 3212
005 20140414131908.0
008 040131s19uu xx 00 eng d
020 _a0-689-84544-8
050 _aER
_bB56 2001
100 _aSilverhardt, Lauryn
245 _aBlue's friends /
_cLauryn Silverhardt.
260 _aNew York :
_bSimon Spotlight/Nick Jr,
_c2001.
300 _a1 v. p. : ill. ; cm.
440 _aBaby Blue clues
650 _aPicture book.
650 _aChildren stories.
999 _c111053
_d111053